Score 0/8 Timer 02:00
18 Plays Today
% Correct
Helsinki
83.6%
Budapest
78.9%
Brussels
70.3%
Sarajevo
54.3%
Belgrade
53.1%
Valletta
44.6%
Chisinau
40.7%
Pristina
39.1%

You're not logged in!

Compare scores with friends on all Sporcle quizzes.
OR
Log In

Sporcle TV

Today on Sporcle TV


Watch our educational content, quiz creation guides, and fun videos on Sporcle TV.

Show Comments

Extras

Top Quizzes Today


Score Distribution

Paid Content

Your Account Isn't Verified!

In order to create a playlist on Sporcle, you need to verify the email address you used during registration. Go to your Sporcle Settings to finish the process.

Report this User

Report this user for behavior that violates our Community Guidelines.

Details: